000 00364nam a22001217a 4500
999 _c10325
_d10325
003 OSt
008 201203b ||||| |||| 00| 0 eng d
245 _aThe Indian Textile Journal
250 _a2015(Sep Vol.125 No.12, Oct Vol.126 No.1, Nov Vol.126 No.2, Dec Vol.126 No.3)
260 _aChennai
_bIPF Publications
650 _aTextile Engineering
942 _2ddc
_cBV